<?xml version="1.0" encoding="UTF-8"?>
<record
    xmlns:xsi="http://www.w3.org/2001/XMLSchema-instance"
    xsi:schemaLocation="http://www.loc.gov/MARC21/slim http://www.loc.gov/standards/marcxml/schema/MARC21slim.xsd"
    xmlns="http://www.loc.gov/MARC21/slim">

  <leader>00305nam a2200121Ia 4500</leader>
  <controlfield tag="008">191201s2009    xx            000 0 und d</controlfield>
  <datafield tag="100" ind1=" " ind2=" ">
    <subfield code="a">AGRAWAL, Raj</subfield>
  </datafield>
  <datafield tag="245" ind1=" " ind2="0">
    <subfield code="a">International Business Environment and Management</subfield>
  </datafield>
  <datafield tag="260" ind1=" " ind2=" ">
    <subfield code="a">N. Delhi</subfield>
    <subfield code="b">Vikas Pub</subfield>
    <subfield code="c">2009</subfield>
  </datafield>
  <datafield tag="300" ind1=" " ind2=" ">
    <subfield code="a">334</subfield>
  </datafield>
  <datafield tag="650" ind1=" " ind2=" ">
    <subfield code="a">MBA</subfield>
  </datafield>
  <datafield tag="942" ind1=" " ind2=" ">
    <subfield code="2">ddc</subfield>
    <subfield code="c">BK</subfield>
  </datafield>
  <datafield tag="999" ind1=" " ind2=" ">
    <subfield code="c">272</subfield>
    <subfield code="d">272</subfield>
  </datafield>
  <datafield tag="952" ind1=" " ind2=" ">
    <subfield code="0">0</subfield>
    <subfield code="1">0</subfield>
    <subfield code="2">ddc</subfield>
    <subfield code="4">0</subfield>
    <subfield code="7">0</subfield>
    <subfield code="8">MBA</subfield>
    <subfield code="a">PIET</subfield>
    <subfield code="b">PIET</subfield>
    <subfield code="d">2017-08-05</subfield>
    <subfield code="e">Donated by Dr.Pooja Walia </subfield>
    <subfield code="k">Donated by Dr.Pooja Walia </subfield>
    <subfield code="l">0</subfield>
    <subfield code="p">29576</subfield>
    <subfield code="r">2019-12-04 00:00:00</subfield>
    <subfield code="w">2017-05-01</subfield>
    <subfield code="y">BK</subfield>
    <subfield code="z">Donated by Dr.Pooja Walia </subfield>
  </datafield>
  <datafield tag="952" ind1=" " ind2=" ">
    <subfield code="0">0</subfield>
    <subfield code="1">0</subfield>
    <subfield code="2">ddc</subfield>
    <subfield code="4">0</subfield>
    <subfield code="7">0</subfield>
    <subfield code="8">MBA</subfield>
    <subfield code="a">PIET</subfield>
    <subfield code="b">PIET</subfield>
    <subfield code="d">2017-08-05</subfield>
    <subfield code="e">Donated by Dr.Pooja Walia </subfield>
    <subfield code="k">Donated by Dr.Pooja Walia </subfield>
    <subfield code="l">0</subfield>
    <subfield code="p">29577</subfield>
    <subfield code="r">2019-12-04 00:00:00</subfield>
    <subfield code="w">2017-05-01</subfield>
    <subfield code="y">BK</subfield>
    <subfield code="z">Donated by Dr.Pooja Walia </subfield>
  </datafield>
  <datafield tag="952" ind1=" " ind2=" ">
    <subfield code="0">0</subfield>
    <subfield code="1">0</subfield>
    <subfield code="2">ddc</subfield>
    <subfield code="4">0</subfield>
    <subfield code="7">0</subfield>
    <subfield code="8">MBA</subfield>
    <subfield code="a">PIET</subfield>
    <subfield code="b">PIET</subfield>
    <subfield code="d">2017-08-05</subfield>
    <subfield code="e">Donated by Dr.Pooja Walia </subfield>
    <subfield code="k">Donated by Dr.Pooja Walia </subfield>
    <subfield code="l">0</subfield>
    <subfield code="p">29578</subfield>
    <subfield code="r">2019-12-04 00:00:00</subfield>
    <subfield code="w">2017-05-01</subfield>
    <subfield code="y">BK</subfield>
    <subfield code="z">Donated by Dr.Pooja Walia </subfield>
  </datafield>
  <datafield tag="952" ind1=" " ind2=" ">
    <subfield code="0">0</subfield>
    <subfield code="1">0</subfield>
    <subfield code="2">ddc</subfield>
    <subfield code="4">0</subfield>
    <subfield code="7">0</subfield>
    <subfield code="8">MBA</subfield>
    <subfield code="a">PIET</subfield>
    <subfield code="b">PIET</subfield>
    <subfield code="d">2017-08-05</subfield>
    <subfield code="e">Donated by Dr.Pooja Walia </subfield>
    <subfield code="k">Donated by Dr.Pooja Walia </subfield>
    <subfield code="l">0</subfield>
    <subfield code="p">29579</subfield>
    <subfield code="r">2019-12-04 00:00:00</subfield>
    <subfield code="w">2017-05-01</subfield>
    <subfield code="y">BK</subfield>
    <subfield code="z">Donated by Dr.Pooja Walia </subfield>
  </datafield>
  <datafield tag="952" ind1=" " ind2=" ">
    <subfield code="0">0</subfield>
    <subfield code="1">0</subfield>
    <subfield code="2">ddc</subfield>
    <subfield code="4">0</subfield>
    <subfield code="7">0</subfield>
    <subfield code="8">MBA</subfield>
    <subfield code="a">PIET</subfield>
    <subfield code="b">PIET</subfield>
    <subfield code="d">2017-08-05</subfield>
    <subfield code="e">Donated by Dr.Pooja Walia </subfield>
    <subfield code="k">Donated by Dr.Pooja Walia </subfield>
    <subfield code="l">0</subfield>
    <subfield code="p">29580</subfield>
    <subfield code="r">2019-12-04 00:00:00</subfield>
    <subfield code="w">2017-05-01</subfield>
    <subfield code="y">BK</subfield>
    <subfield code="z">Donated by Dr.Pooja Walia </subfield>
  </datafield>
  <datafield tag="952" ind1=" " ind2=" ">
    <subfield code="0">0</subfield>
    <subfield code="1">0</subfield>
    <subfield code="2">ddc</subfield>
    <subfield code="4">0</subfield>
    <subfield code="7">0</subfield>
    <subfield code="8">MBA</subfield>
    <subfield code="a">PIET</subfield>
    <subfield code="b">PIET</subfield>
    <subfield code="d">2017-08-05</subfield>
    <subfield code="e">Donated by Dr.Pooja Walia </subfield>
    <subfield code="k">Donated by Dr.Pooja Walia </subfield>
    <subfield code="l">0</subfield>
    <subfield code="p">29581</subfield>
    <subfield code="r">2019-12-04 00:00:00</subfield>
    <subfield code="w">2017-05-01</subfield>
    <subfield code="y">BK</subfield>
    <subfield code="z">Donated by Dr.Pooja Walia </subfield>
  </datafield>
  <datafield tag="952" ind1=" " ind2=" ">
    <subfield code="0">0</subfield>
    <subfield code="1">0</subfield>
    <subfield code="2">ddc</subfield>
    <subfield code="4">0</subfield>
    <subfield code="7">0</subfield>
    <subfield code="8">MBA</subfield>
    <subfield code="a">PIET</subfield>
    <subfield code="b">PIET</subfield>
    <subfield code="d">2017-08-05</subfield>
    <subfield code="e">Donated by Dr.Pooja Walia </subfield>
    <subfield code="k">Donated by Dr.Pooja Walia </subfield>
    <subfield code="l">0</subfield>
    <subfield code="p">29582</subfield>
    <subfield code="r">2019-12-04 00:00:00</subfield>
    <subfield code="w">2017-05-01</subfield>
    <subfield code="y">BK</subfield>
    <subfield code="z">Donated by Dr.Pooja Walia </subfield>
  </datafield>
</record>
